| 000 | 00606nam a22001932 4500 | ||
|---|---|---|---|
| 001 | 0000011735 | ||
| 005 | 20151217155846.0 | ||
| 008 | 090106s xx 000 0 eng d | ||
| 040 |
_aKABU _cKABU |
||
| 100 | 1 |
_aHall, Martin J. _@0000167731 |
|
| 245 | 1 | 0 |
_aThrough my spectacles in Uganda : _bor the story of a fruitful field / _cMartin J. Hall. |
| 250 | _a1st ed. | ||
| 260 |
_aLondon : _bC. M. S., _c1898. |
||
| 300 | _aviii, 104 p. | ||
| 651 | 0 |
_aUganda _xDescription and travel. _@0000161347 |
|
| 852 | 1 | _9p200 KES | |
| 908 | _a090106 | ||
| 950 | _@1 | ||
| 999 |
_c13364 _d13364 |
||